Management de nouveaux projets (Record no. 49777)
[ view plain ]
| 000 -LEADER | |
|---|---|
| fixed length control field | 00530nam a22001697a 4500 |
| 008 - FIXED-LENGTH DATA ELEMENTS--GENERAL INFORMATION | |
| fixed length control field | 111011t xxu||||| |||| 00| 0 eng d |
| 020 ## - INTERNATIONAL STANDARD BOOK NUMBER | |
| International Standard Book Number | 9 782124 650446 |
| 040 ## - CATALOGING SOURCE | |
| Original cataloging agency | BUAC |
| Transcribing agency | CDIRSP |
| 041 ## - LANGUAGE CODE | |
| Language code of text/sound track or separate title | Fr |
| 100 ## - MAIN ENTRY--PERSONAL NAME | |
| Personal name | FERNEZ-WALCH, Sandrine |
| 9 (RLIN) | 19489 |
| 245 ## - TITLE STATEMENT | |
| Title | Management de nouveaux projets |
| Remainder of title | : panorama des outils et des pratiques |
| Statement of responsibility, etc | / Sandrine, FERNEZ-WALCH |
| 260 ## - PUBLICATION, DISTRIBUTION, ETC. (IMPRINT) | |
| Place of publication, distribution, etc | Paris : |
| Name of publisher, distributor, etc | AFNOR, |
| Date of publication, distribution, etc | 2000 |
| 300 ## - PHYSICAL DESCRIPTION | |
| Extent | 239 p. |
| 650 ## - SUBJECT ADDED ENTRY--TOPICAL TERM | |
| Topical term or geographic name as entry element | Gestion, entreprise |
| 9 (RLIN) | 19490 |
| 653 ## - INDEX TERM--UNCONTROLLED | |
| Uncontrolled term | Nouveaux projets |
| -- | Outils, pratiques |
| 942 ## - ADDED ENTRY ELEMENTS (KOHA) | |
| Item type | Livre |
| Withdrawn status | Lost status | Damaged status | Not for loan | Location (home branch) | Sublocation or collection (holding branch) | Date acquired | Source of acquisition | Koha issues (times borrowed) | Koha full call number | Piece designation (barcode) | Koha date last seen | Copy number | Price effective from | Koha item type |
|---|---|---|---|---|---|---|---|---|---|---|---|---|---|---|
| Centre de Documentation et d'Information de l'Institut Regional Santé Publique | Centre de Documentation et d'Information de l'Institut Regional Santé Publique | 11/10/2011 | Achat | HD 62.2.62.8 FER | 4611CDIRSP | 11/10/2011 | 1 | 11/10/2011 | Livre | |||||
| Centre de Documentation et d'Information de l'Institut Regional Santé Publique | Centre de Documentation et d'Information de l'Institut Regional Santé Publique | 11/10/2011 | Achat | HD 62.2.62.8 FER | 4612CDIRSP | 11/10/2011 | 1 | 11/10/2011 | Livre exclu du prêt |